000 00879 a2200229 4500
005 20250731124259.0
008 241023b |||||||| |||| 00| 0 eng d
020 _a9789787928912
040 _aNLN
_bEnglish
_eAACR2
050 _aDT515.83.D234
_bA3
082 _a923.2669
100 _aDATTIJO, Muhammad S.
_eaut
_966999
245 _aDisruption :
_brethinking governance to work for the poor /
_cMohammad Sanni Abdullahi Dattijo
260 _aKaduna, Kaduna state (21 Isa Hassan Road, unguwan Dasa) :
_bAlmara Publishers,
_c2023
300 _axxvii, 261p. ;
_b24cm
563 _aBibliography : P. 255-261
650 _aDattijo, Mohggammad Sanni Abdullahi
_967000
650 _aEconomicsts
_vNigeria
_xBiography
_967001
650 _aSustainable development
_vKaduana state (Nigeria)
_967002
650 _aKaduna state (Nigeria)
_vPolitics and government
_967003
942 _cBK
_n0
999 _c31253
_d31253